000 00814nam a2200217 a 4500
001 795
003 CO-ViMGA
005 20250801162556.0
008 141112s2004 ck r 000 u spa d
040 _aCO-ViMGA
_bspa
_cCO-ViMGA
082 0 4 _a618.9201 C374
100 1 _aCeriani Cernados, Jose María
_948687
245 1 0 _aNeonatología práctica
250 _a2a
260 _aBuenos Aires :
_bMedica PanAmérica,
_c1991
300 _a503 p : il
505 _aEvaluación del crecimiento fetal al nacer 48 - - El recien nacido prematuro 141 - - Displasia broncopulmonar 222 - - Alteraciones del metabolismo : glucosa, calcio y magnesio 312 - - Dolor en el feto y en el recien nacido 363 - - Errores congenitos en el metabolismo 462
650 1 4 _aNEONATOLOGIA
_961877
942 _2ddc
_cBK
999 _c13031
_d13031